" No se puede usar Esquipulas para oponerse al diálogo" /
Opinión de Schafik Handal, miembro de la Comandancia General del Frente Farabundo Martí para la Liberación Nacional (FMLN), sobre la firma del documento 'Esquipulas II' y el acontecer político actualizado de El Salvador, comentando diversos aspectos, entre los que sobresalen: la amnistía c...
Uloženo v:
| Hlavní autor: | |
|---|---|
| Médium: | Text |
| Témata: | |
| Tagy: |
Přidat tag
Žádné tagy, Buďte první, kdo vytvoří štítek k tomuto záznamu!
|
MARC
| LEADER | 00000 a a2200000 04500 | ||
|---|---|---|---|
| 001 | 12087 | ||
| 003 | |||
| 040 | |||
| 100 | |a Hándal Schafik, Jorge | ||
| 245 | |a " No se puede usar Esquipulas para oponerse al diálogo" / |c Jorge Hándal Schafik | ||
| 520 | |a Opinión de Schafik Handal, miembro de la Comandancia General del Frente Farabundo Martí para la Liberación Nacional (FMLN), sobre la firma del documento 'Esquipulas II' y el acontecer político actualizado de El Salvador, comentando diversos aspectos, entre los que sobresalen: la amnistía contemplada en los acuerdos, la prohibición de recibir ayuda de otros países, las responsabilidades y perspectivas del FMLN después de firmado el documento en Guatemala y la posible formación de un gobierno de unidad nacional. HBQ/eb | ||
| 650 | |a PLANES DE PAZ | ||
| 650 | |a FRENTE FARABUNDO MARTI PARA LA LIBERACION NACIONAL, SV | ||
| 650 | |a PROBLEMAS POLITICOS | ||
| 650 | |a ARMISTICIO | ||
| 650 | |a FUERZAS ARMADAS | ||
| 650 | |a POLITICA GUBERNAMENTAL | ||
| 650 | |a AYUDA AL EXTERIOR | ||
| 773 | |g número 45; páginas 11-12 | ||
| 999 | |c 23516 |d 23516 | ||
